000 00464nam a22001817a 4500
008 150612b xxu||||| |||| 00| 0 eng d
020 _a1928623050
041 0 _aeng
080 _a573.6
100 1 _aGangwere, Stan K.
245 1 0 _aEntomology /
_cS.K. Gangwere.
250 _a1st ed.
260 _aLIvonia, MI :
_bFirst Page Publications,
_c2005.
300 _a353 f.:
_bme il.;
_c23 cm.
505 _aIndex: f.351-353
650 0 _aBiologji
942 _2udc
_cBK
999 _c1041
_d1041